000 00534nam a2200157Ia 4500
008 090711s9999 xx 000 0 und d
082 _b52795
100 _aगाला ध. रा. / गाला धीरेन
245 _aनेत्ररक्षा
260 _c1986
600 _aगाला ध. रा. / गाला धीरेन
630 _aनेत्ररक्षा
700 _aगाला ध. रा. / गाला धीरेन
730 _aनेत्ररक्षा
942 _cBOOK
999 _c320504
_d320504